Statistics for Liberatore et al. – Most Unbreakable Sports Records

Click here to take the quiz!

General Stats

  • This quiz has been taken 5 times
  • The average score is 20 of 64

Answer Stats

#AthleteRecord Held#SportYear Attained% Correct
29Michael JordanCareer Points Per Game30.12Basketball2003
75%
16Babe RuthCareer Slugging Percentage0.6898Baseball1935
50%
1Barry BondsCareer Intentional Walks688Baseball2007
50%
64Barry BondsSeason Walks232Baseball2004
50%
61Barry BondsCareer Homeruns762Baseball2007
50%
50Barry BondsSeason Slugging Percentage0.8634Baseball2001
50%
65Barry BondsSeason Homeruns73Baseball2001
50%
17Cal Ripken Jr.Consecutive Games Started2632Baseball1998
50%
41Jerry RiceCareer Receiving Yards22895Football2004
50%
54Jerry RiceCareer Receptions1549Football2004
50%
58Jerry RiceCareer Touchdowns208Football2004
50%
49Jerry RiceConsecutive Games With Reception274Football2004
50%
3Joe DiMaggioConsecutive Games With Hits56Baseball1941
50%
39Kareem Abdul-JabbarCareer Points38387Basketball1989
50%
35Nolan RyanSeason Strikeouts383Baseball1973
50%
2Nolan RyanCareer No Hitters7Baseball1993
50%
31Nolan RyanCareer Strikeouts5715Baseball1993
50%
22Rickey HendersonCareer Stolen Bases1406Baseball2003
50%
40Ricky HendersonSeason Stolen Bases130Baseball1982
50%
62Tom BradySeason Touchdown Passes50Football2007
50%
11Ty CobbCareer Batting Average0.366Baseball1928
50%
34Wayne GretzkyCareer Points2857Hockey1999
50%
9Wayne GretzkyCareer Assists1963Hockey1999
50%
44Wayne GretzkySeason Goals92Hockey1986
50%
51Wayne GretzkySeason Points215Hockey1986
50%
32Wayne GretzkyConsecutive Games With A Point51Hockey1983
50%
7Wilt ChamberlainSingle Game Points100Basketball1962
50%
48Wilt ChamberlainCareer Rebounds/Game22.89Basketball1973
50%
24Wilt ChamberlainSeason Scoring Average50.4Basketball1962
50%
25Wilt ChamberlainSingle Game Rebounds55Basketball1960
50%
30Wilt ChamberlainSeason Rebound Average27.2Basketball1961
50%
60Adrian PetersonSingle Game Rush Yards296Football2007
25%
52Brett FavreCareer Touchdowns508Football2010
25%
59Brett FavreCareer Passing Yards71838Football2010
25%
33Brett FavreConsecutive Starts297Football2010
25%
8Cy YoungCareer Complete Games749Baseball1911
25%
6Cy YoungCareer Wins511Baseball1911
25%
14Dick LaneSeason Interceptions14Football1952
25%
28Drew BreesConsecutive Games With Touchdown Pass54Football2012
25%
55Emmit SmithCareer Rushing Yards18355Football2004
25%
43Eric GagneConsecutive Saves84Baseball2004
25%
13Glenn HallConsecutive Games Played In Goal502Hockey1962
25%
4Jim BottomleySingle Game Runs Batted In12Baseball1924
25%
10Norm Van BrocklinSingle Game Pass Yards554Football1951
25%
36Orel HershiserConsecutive Scoreless Innings59Baseball1988
25%
5Oscar RobertsonSeason Triple Doubles41Basketball1962
25%
12Ted WilliamsCareer On-Base Percentage0.482Baseball1939
25%
27AC GreenConsecutive Games Played1192Basketball1999
0%
42Derrick ThomasSingle Game Sacks7Football1990
0%
20Dutch LeonardSeason Earned Run Average0.961Baseball1914
0%
57Eric DickersonSeason Rushing Yards2105Football1984
0%
23Gale SayersSingle Game Points Scored36Football1965
0%
45Hack WilsonSeason Runs Batted In191Baseball1930
0%
15IchiroSeason Hits262Baseball2004
0%
38John StocktonCareer Assists15806Basketball2003
0%
53Ladainian TomlinsonSeason Points186Football2006
0%
63Ladainian TomlinsonSeason Touchdowns31Football2006
0%
47Morten AndersenCareer Points2544Football2007
0%
46OJ SimpsonSeason Average Rushing Yards/Game143.1Football1973
0%
21Pete RoseCareer Hits4256Baseball1986
0%
26Rogers HornsbySeason Batting Average0.424Baseball1924
0%
19Tom DempseySingle Game Field Goal Length63Football1970
0%
37Vince ColemanConsecutive Stolen Bases50Baseball1989
0%
18Walter JohnsonCareer Shutouts110Baseball1927
0%

Score Distribution

Percentile by Number Answered

Percent of People with Each Score

Your Score History

You have not taken this quiz